Elektrické osvětlování vlaků /
Gespeichert in:
| Hauptverfasser: | , |
|---|---|
| Format: | Buch |
| Sprache: | Tschechisch |
| Veröffentlicht: |
Praha :
Nakladatelství dopravy a spojů,
1963
|
| Ausgabe: | [1. vyd.] |
| Schlagworte: | |
| Online-Zugang: |
|
| Tags: |
Tag hinzufügen
Keine Tags, Fügen Sie den ersten Tag hinzu!
|
MARC
| LEADER | 00000cam a2200000 4500 | ||
|---|---|---|---|
| 003 | SK-BrCVT | ||
| 005 | 20220617215250.0 | ||
| 008 | 060922s1963 cs e ||||||cze d | ||
| 035 | |a CVTIDW1379900 | ||
| 040 | |b slo |a CVTI SR |e AACR2 | ||
| 041 | 0 | |a cze | |
| 044 | |a cs | ||
| 080 | |a 629.4.048 |2 UDC-MRF | ||
| 100 | 1 | |a Živný, Karel | |
| 242 | 1 | 0 | |a Elektrické osvetľovanie vlakov |
| 245 | 1 | 0 | |a Elektrické osvětlování vlaků / |c Karel Živný, Václav Semerák |
| 250 | |a [1. vyd.] | ||
| 260 | |a Praha : |b Nakladatelství dopravy a spojů, |c 1963 | ||
| 300 | |a 162 s. + Príl. : |b obr. ; | ||
| 653 | 1 | |a vlak |a osvetľovanie | |
| 700 | 1 | |a Semerák, Václav |4 aut | |
| 910 | |b A165754 | ||
| 974 | |f Knihy | ||
| 992 | |a APH | ||
| 999 | |c 142150 |d 142150 | ||